| 000 | 00535nam a2200181 i 4500 | ||
|---|---|---|---|
| 001 | 141244 | ||
| 003 | ES-MaACL | ||
| 005 | 20250827022717.0 | ||
| 007 | t| | ||
| 008 | 070920s1914 sp ||||1| spa d | ||
| 100 | 1 |
_aVillar Grangel, Domingo, _d1882-1933 _9115090 |
|
| 245 | 1 | 0 |
_aEstudios de derecho administrativo / _cDomingo Villar Grangel. |
| 260 |
_aMadrid : _bReus, _c1914. |
||
| 300 |
_a294 p. ; _c22 cm. |
||
| 650 | 1 | 7 |
_aDerecho administrativo _2embne _911642 |
| 852 |
_aES-MaACL _jF-4053 |
||
| 999 |
_c141244 _d141244 |
||